000 01008nam a2200277 u 4500
001 000025250
005 20200930023647.0
008 110211s1967 ag b r 001 0 spa d
040 _aDO-SdBNP
_bspa
_cBNPHU
041 1 7 _aspa
_hfre
_2Código de idiomas MARC
082 _ann*
_bnn*
100 1 _aBillington, Ray Ellen.
_951746
240 1 3 _aWestward expansion.
_lEspañol
245 1 3 _aLa expansión hacia el oeste :
_bhistoria de la frontera norteamericana /
_cRay Allen Billington ; colaboración de James Blaine Hedges ; traducción de Flora Setaro.
250 _a3a ed.
260 _aBuenos Aires :
_bBibliográfica Omeba,
_c1967.
300 _av. :
_bmapas ;
_c20 cm.
490 1 _aAmérica en Letras
530 _aTítulo del original inglés :
_tWestward expansion
500 _aIncluye índice.
500 _aLa biblioteca sólo posee el volumen 2.
700 1 _aBlaine Hedges, James.
_951747
700 1 _aSetaro, Flora,
_etr.
_947137
830 0 _aAmérica en Letras
_910638
049 _aBNGR
999 _c24743
_d24743